000 00262nam a2200097 4500
245 _aPhilosophy of law : an introduction
_cThomas Morawetz
100 _aMorawetz, Thomas
260 _aNew York
_bMacmillan Pub.
_cc1980
300 _ax,238p.; 20cm.
082 _a340.1
_bMOR
999 _c9415
_d9415